| 000 -LEADER |
| fixed length control field |
01542cam a2200361 a 4500 |
| 001 - CONTROL NUMBER |
| control field |
15355938 |
| 005 - DATE AND TIME OF LATEST TRANSACTION |
| control field |
20221011100432.0 |
| 008 - FIXED-LENGTH DATA ELEMENTS--GENERAL INFORMATION |
| fixed length control field |
080707s2009 enkae b 001 0 eng |
| 010 ## - LIBRARY OF CONGRESS CONTROL NUMBER |
| LC control number |
2008028275 |
| 020 ## - INTERNATIONAL STANDARD BOOK NUMBER |
| International Standard Book Number |
9780749454562 |
| 020 ## - INTERNATIONAL STANDARD BOOK NUMBER |
| International Standard Book Number |
0749454563 |
| 035 ## - SYSTEM CONTROL NUMBER |
| System control number |
(OCoLC)ocn233591860 |
| 035 ## - SYSTEM CONTROL NUMBER |
| System control number |
(OCoLC)233591860 |
| 040 ## - CATALOGING SOURCE |
| Original cataloging agency |
DLC |
| Transcribing agency |
DLC |
| Modifying agency |
YDXCP |
| -- |
BWKUK |
| -- |
BWK |
| -- |
CDX |
| -- |
BWX |
| -- |
DLC |
| 050 00 - LIBRARY OF CONGRESS CALL NUMBER |
| Classification number |
HF5429 |
| Item number |
.F4973 2009 |
| 082 00 - DEWEY DECIMAL CLASSIFICATION NUMBER |
| Classification number |
338.87 |
| Author Mark |
FIN |
| 100 1# - MAIN ENTRY--PERSONAL NAME |
| Personal name |
Finne, Sami. |
| 9 (RLIN) |
99764 |
| 245 14 - TITLE STATEMENT |
| Title |
The retail value chain : |
| Remainder of title |
how to gain competitive advantage through efficient consumer response (ECR) strategies / |
| Statement of responsibility, etc. |
Sami Finne & Hanna Sivonen. |
| 260 ## - PUBLICATION, DISTRIBUTION, ETC. |
| Place of publication, distribution, etc. |
London ; |
| -- |
Philadelphia : |
| Name of publisher, distributor, etc. |
Kogan Page, |
| Date of publication, distribution, etc. |
2009. |
| 300 ## - PHYSICAL DESCRIPTION |
| Extent |
x, 369 p. : |
| Other physical details |
ill., plans ; |
| Dimensions |
24 cm. |
| 504 ## - BIBLIOGRAPHY, ETC. NOTE |
| Bibliography, etc. note |
Includes bibliographical references (p. [354]) and index. |
| 650 #0 - SUBJECT ADDED ENTRY--TOPICAL TERM |
| Topical term or geographic name entry element |
Retail trade |
| General subdivision |
Management. |
| 9 (RLIN) |
21319 |
| 650 #0 - SUBJECT ADDED ENTRY--TOPICAL TERM |
| Topical term or geographic name entry element |
Consumers. |
| 9 (RLIN) |
99595 |
| 650 #0 - SUBJECT ADDED ENTRY--TOPICAL TERM |
| Topical term or geographic name entry element |
Competition. |
| 9 (RLIN) |
91120 |
| 650 #0 - SUBJECT ADDED ENTRY--TOPICAL TERM |
| Topical term or geographic name entry element |
Consolidation and merger of corporations. |
| 9 (RLIN) |
99765 |
| 700 1# - ADDED ENTRY--PERSONAL NAME |
| Personal name |
Sivonen, Hanna. |
| 9 (RLIN) |
99766 |
| 856 42 - ELECTRONIC LOCATION AND ACCESS |
| Materials specified |
Contributor biographical information |
| Uniform Resource Identifier |
<a href="http://www.loc.gov/catdir/enhancements/fy0905/2008028275-b.html">http://www.loc.gov/catdir/enhancements/fy0905/2008028275-b.html</a> |
| 856 42 - ELECTRONIC LOCATION AND ACCESS |
| Materials specified |
Publisher description |
| Uniform Resource Identifier |
<a href="http://www.loc.gov/catdir/enhancements/fy0905/2008028275-d.html">http://www.loc.gov/catdir/enhancements/fy0905/2008028275-d.html</a> |
| 856 41 - ELECTRONIC LOCATION AND ACCESS |
| Materials specified |
Table of contents only |
| Uniform Resource Identifier |
<a href="http://www.loc.gov/catdir/enhancements/fy0905/2008028275-t.html">http://www.loc.gov/catdir/enhancements/fy0905/2008028275-t.html</a> |
| 906 ## - LOCAL DATA ELEMENT F, LDF (RLIN) |
| a |
7 |
| b |
cbc |
| c |
orignew |
| d |
1 |
| e |
ecip |
| f |
20 |
| g |
y-gencatlg |
| 942 ## - ADDED ENTRY ELEMENTS (KOHA) |
| Source of classification or shelving scheme |
|
| Koha item type |
Book |